000 00278nam a22001217a 4500
008 180123b xxu||||| |||| 00| 0 eng d
041 _aeng
080 _a37
100 _a46
101 _aEDU
245 _aCurriculum reform an overview of trends
_cSkilbeck,M
942 _2udc
_cBK
999 _c40755
_d40755